| 000 | 01224nam a22003017i 4500 | ||
|---|---|---|---|
| 005 | 20240829035019.0 | ||
| 008 | 191001s2017 ck a gr 000 0 spa d | ||
| 020 | _a9789587850543 | ||
| 040 |
_aCOMFC _bspa _erda |
||
| 041 | _aspa | ||
| 110 |
_955246 _aComunidad educativa de Candelilla río Mira (Nariño) |
||
| 245 | 1 | 1 |
_a¿Cómo canta? _cComunidad educativa de Candelilla río Mira (Nariño) ; ilustraciones Yonny Adriano Ortiz |
| 250 | _aSegunda edición | ||
| 264 | 0 | 1 |
_aBogotá _bMinisterio de Educación Nacional _c2017 |
| 300 |
_a35 páginas _bilustraciones _c20 cm |
||
| 336 |
_2rdacontent _atxt |
||
| 337 |
_2rdamedia _an |
||
| 338 |
_2rdacarrier _anc |
||
| 490 |
_955081 _aRío de Letras. Territorios Narrados PNLE _v26 |
||
| 490 |
_954895 _aPlan Nacional de Lectura y Escritura Leer es mi cuento |
||
| 700 | 1 |
_955247 _aOrtiz, Yonny Adriano _eill |
|
| 830 |
_954892 _aDotación MinCultura y BNC - Sala de Patrimonio Bibliográfico y Documental de Risaralda |
||
| 082 | 0 | 4 |
_a782.42 _bC65 |
| 650 | 0 |
_923591 _aCanciones Infantiles _vEnseñanza |
|
| 650 | 0 |
_937669 _aInstrumentos Musicales _zChocó |
|
| 650 | 0 |
_955084 _aMúsica Afrocolombiana |
|
| 942 |
_2ddc _h782.42 C65 _k782.42 _mC65 |
||
| 999 |
_c59758 _d59758 |
||